| 000 | 01155cam a2200313 a 4500 | ||
|---|---|---|---|
| 001 | 2104735 | ||
| 003 | OSt | ||
| 005 | 20231002135725.0 | ||
| 008 | 960423s1997 enka b 001 0 eng | ||
| 010 | _a 96002859 | ||
| 020 | _a0521450756 (hardback) | ||
| 020 | _a0521456851 (pbk.) | ||
| 040 |
_aDLC _cDLC _dDLC |
||
| 041 | 1 |
_aeng _hfre |
|
| 050 | 0 | 0 |
_aQC173.65 _b.T6813 1997 |
| 082 | 0 | 0 |
_a530.1 TOU 1997 _220 |
| 100 | 1 |
_aTourrenc, Philippe; King, Andrew _98046 |
|
| 245 | 1 | 0 | _aRelativity and Gravitation |
| 260 |
_aCambridge ; _bCambridge University Press, _c1997. |
||
| 300 |
_axiv, 242 p. : _bill. ; _c26 cm. |
||
| 504 | _aIncludes bibliographical references (p. [234]-236) and index. | ||
| 650 | 0 |
_aRelativity _91018 |
|
| 650 | 0 |
_aCosmology. _93606 |
|
| 856 | 4 | 2 |
_3Publisher description _uhttp://www.loc.gov/catdir/description/cam027/96002859.html |
| 856 | 4 | 1 |
_3Table of contents _uhttp://www.loc.gov/catdir/toc/cam021/96002859.html |
| 906 |
_a7 _bcbc _corignew _d1 _eocip _f19 _gy-gencatlg |
||
| 942 |
_2ddc _cSLOAN |
||
| 999 |
_c3605 _d3605 |
||